Manažment rizík a jeho vplyv na finančnú stabilitu ekonomík v kontexte globálnej krízy
Analýza vybraných rizík v ekonomike a ich vplyv na finančnú stabilitu ekonomík a bankového sektora z aspektu zvýšenia celkového a finančného rizika v podmienkach globálnej krízy.
Enregistré dans:
| Auteur principal: | |
|---|---|
| Format: | Chapitre de livre |
| Langue: | slovaque |
| Sujets: | |
| Tags: |
Pas de tags, Soyez le premier à ajouter un tag!
|
MARC
| LEADER | 00000naa a2200000 4500 | ||
|---|---|---|---|
| 001 | 0122946 | ||
| 005 | 20231204092903.1 | ||
| 041 | 0 | |a slo | |
| 044 | |a SK | ||
| 245 | 1 | 0 | |a Manažment rizík a jeho vplyv na finančnú stabilitu ekonomík v kontexte globálnej krízy |c Dana Kiseľáková |
| 520 | |a Analýza vybraných rizík v ekonomike a ich vplyv na finančnú stabilitu ekonomík a bankového sektora z aspektu zvýšenia celkového a finančného rizika v podmienkach globálnej krízy. | ||
| 610 | 2 | 0 | |a risk management |
| 610 | 2 | 0 | |a kríza hospodárska |
| 610 | 2 | 0 | |a riziko úverové |
| 610 | 2 | 0 | |a stabilita finančná |
| 610 | 2 | 0 | |a politika menová |
| 100 | 1 | |a Kiseľáková, Dana | |